000 01055nam a22002417a 4500
003 PE SENCICO BE
005 20251020182639.0
008 230710b |||||||| |||| 00| 0 eng d
040 _aPE SENCICO BE
_cPE SENCICO BE
084 _aI
_aTOP
_a2015
_bH83
100 1 _91219
_aHuamani Rivera, Julian
_eautor
245 1 _aCálculo de redes topográficas para la construcción de túneles de gran longitud para ferrocarriles /
_cJulian Huamani Rivera
260 _aLima :
_c2015
300 _a91 h. :
_bil. col., diagrs. ;
_c29 cm.
502 _aMonografía de Titulación.-- Servicio Nacional de Capacitación para la Industria de la Construcción. Escuela Superior Técnica. Carrera Profesional Técnica en Topografía y Geodesía, 2015.
650 1 4 _94
_aTopografía
650 2 4 _91173
_aConstrucción de túneles
650 2 4 _9116
_aLevantamiento topográfico
650 2 4 _92
_aGeodesia
710 1 _aServicio Nacional de Capacitación para la Industria de la Construcción.
_bEscuela Superior Técnica
_91065
910 _bhfp
_chfp
942 _cMON
999 _c4232
_d4232